000 00299nam a2200121Ia 4500
008 220204s9999 xx 000 0 und d
082 _a519.218.2
_bJOF
245 0 _aBranching processes
260 _aNew York
_bMarcel Dekker
_c1978
700 _aJoffe, Anatole
700 _aNey, Peter
942 _cBK
999 _c31399
_d31399